| 000 | 005410000a22001810004500 | ||
|---|---|---|---|
| 003 | MACL | ||
| 005 | 20160416165914.0 | ||
| 008 | 160416b xxu||||| |||| 00| 0 eng d | ||
| 040 |
_aMACL _cMACL |
||
| 041 | _aHindi | ||
| 082 | _a531 SIN | ||
| 100 |
_aसिंह आर के _952549 |
||
| 245 | _aयांत्रिकी एवं सापेक्षता | ||
| 260 |
_bविश्व प्रकाशन _c1990 _aनई दिल्ली |
||
| 350 | _a35 | ||
| 650 |
_aPhysics _952550 |
||
| 942 |
_cHIN _k531/SIN _2ddc |
||
| 999 |
_c30904 _d30904 |
||